000 00645nam a2200157 a 4500
005 20140412111301.0
008 001116s19uu xx 00 eng d
050 _aM 398.21
_bHa198 1992
100 _aThe Brothers Grimm
245 _aJack in luck /
_cThe Brothers Grimm ; illustrated by Eve Tharlet.
300 _a1 v. (unp.) ; col. ; ill.
520 _aTranslation of Hans in Gleuck. When his seven years' wages in gold proves too heavy to carry, Jack trades it in for one thing after another until he carries home empty-handed but convinced he is a lucky man.
650 _aFairy tales
650 _aFolklore -- Germany
999 _c103425
_d103425